| 000 | 00438nam a22001577a 4500 | ||
|---|---|---|---|
| 999 |
_c8637 _d8637 |
||
| 003 | OSt | ||
| 008 | 200528b ||||| |||| 00| 0 eng d | ||
| 020 | _a978-0781737623 | ||
| 100 | _aCharles R. Craig and Robert E. Stitzel | ||
| 245 | _aModern Pharmacology with Clinical Applications | ||
| 250 | _a6th | ||
| 260 |
_aNew Delhi _bLippincott Williams and Wilkins _c2017 |
||
| 300 | _a824 | ||
| 650 | _aClinical Pharmacy | ||
| 942 |
_2ddc _cBK _04 |
||